Southville International School and Colleges
Your cart is empty.
  • Cart
  • Lists
    Public lists Eva Luna New books Lux_list list_1
    Your lists Log in to create your own lists
  • Log in to your account
  • Your cookies
  • Search history
Southville International School and Colleges
  • Advanced search
  • Recent comments
  • Most popular
  • Libraries

Log in to your account

Log in with GOOGLE


If you do not have an external account, but do have a local account, you can still log in:

  1. Home
  2. MARC view: Entrepreneurial management
Normal view MARC view ISBD view

Entrepreneurial management (Record no. 367402)

[ view plain ]
MARC details
000 -LEADER
fixed length control field 00694nam a22002177a 4500
003 - CONTROL NUMBER IDENTIFIER
control field 0
005 - DATE AND TIME OF LATEST TRANSACTION
control field 20250423172437.0
008 - FIXED-LENGTH DATA ELEMENTS--GENERAL INFORMATION
fixed length control field 250423b xxu||||| |||| 00| 0 eng d
020 ## - INTERNATIONAL STANDARD BOOK NUMBER
International Standard Book Number 978-971-9655-47-3
050 ## - LIBRARY OF CONGRESS CALL NUMBER
Classification number HD 62.5
Item number .Y33 2024
100 ## - MAIN ENTRY--PERSONAL NAME
Personal name Ybanez, Frederick U.
245 ## - TITLE STATEMENT
Title Entrepreneurial management
Statement of responsibility, etc Frederick U. Ybanez
260 ## - PUBLICATION, DISTRIBUTION, ETC. (IMPRINT)
Place of publication, distribution, etc Intramuros, Manila
Name of publisher, distributor, etc Mindshapers Co., Inc.
Date of publication, distribution, etc c2024
300 ## - PHYSICAL DESCRIPTION
Extent x, 148 pages ;
Dimensions 23 cm.
504 ## - BIBLIOGRAPHY, ETC. NOTE
Bibliography, etc Includes bibliographical references.
650 ## - SUBJECT ADDED ENTRY--TOPICAL TERM
Topical term or geographic name as entry element Entrepreneurship.
650 ## - SUBJECT ADDED ENTRY--TOPICAL TERM
Topical term or geographic name as entry element New business enterprises—Management.
650 ## - SUBJECT ADDED ENTRY--TOPICAL TERM
Topical term or geographic name as entry element Small business—Management.
650 ## - SUBJECT ADDED ENTRY--TOPICAL TERM
Topical term or geographic name as entry element Business enterprises—Management.
942 ## - ADDED ENTRY ELEMENTS (KOHA)
Source of classification or shelving scheme Library of Congress Classification
Koha item type Books
Holdings
Withdrawn status Lost status Source of classification or shelving scheme Damaged status Home library Current library Shelving location Date acquired Source of acquisition Sub Shelving location Total Checkouts Full call number Barcode Date last seen Price effective from Koha item type
    Library of Congress Classification   College Library College Library Filipiniana Section 04/23/2025 Library Fund     HD 62.5 .Y33 2024 C24395 04/23/2025 04/23/2025 Books
    Library of Congress Classification   College Library College Library Filipiniana Section 04/23/2025 Library Fund     HD 62.5 .Y33 2024 C24394 04/23/2025 04/23/2025 Books
    Library of Congress Classification   College Library College Library Filipiniana Section 04/23/2025 Library Fund     HD 62.5 .Y33 2024 C24393 04/23/2025 04/23/2025 Books

Entrepreneurial management

APA

Ybanez F. U., . (2024). Entrepreneurial management. Intramuros, Manila: Mindshapers Co., Inc.

Chicago

Ybanez Frederick U, . 2024. Entrepreneurial management. Intramuros, Manila: Mindshapers Co., Inc.

Harvard

Ybanez F. U., . (2024). Entrepreneurial management. Intramuros, Manila: Mindshapers Co., Inc.

MLA

Ybanez Frederick U, . Entrepreneurial management. Intramuros, Manila: Mindshapers Co., Inc. 2024.

  • Place hold
  • Print
  • Cite
  • Add to your cart (remove)
  • Save record
    BIBTEX Dublin Core MARCXML MARC (non-Unicode/MARC-8) MARC (Unicode/UTF-8) MARC (Unicode/UTF-8, Standard) MODS (XML) RIS
  • More searches
    Search for this title in:
    Other Libraries (WorldCat) Other Databases (Google Scholar) Online Stores (Bookfinder.com) Open Library (openlibrary.org)

Exporting to Dublin Core...

SOUTHVILLE LIBRARY

Southville International School and Colleges Library

1281 Tropical Ave. Cor. Luxembourg St., BF Homes International, Las Pinas City

Tel. No. 8256374 / 252358 Loc. 117/146

Powered by Koha